00433 2200169 4500001002100000005001500021035002000036245004900056100002500105250001700130300002500147260003600172082000800208084001400216020002200230600001100252INLIS00000000000022920240529091825 a0010-05240001511 aTini yang Tulus Hati /cBambang Sri Kiswanto0 aBambang Sri Kiswanto acetakan ke-1 a71 hlm :b- ;c21 cm aJakarta :bBalai Pustaka,c2007 a813 a813 BAM t a978-979-407-198-6 4aCerpen